Giáo trình Tiếng Việt 2 : Dành cho Học viên ngành Giáo dục tiểu học Hệ đào tạo Tại chức và Từ xa

Sách trình bày các đơn vị của ngữ âm tiếng Việt như, âm tiết, đơn vị từ vựng, hệ thống từ vựng,...

Bewaard in:
Bibliografische gegevens
Hoofdauteur: Đỗ, Xuân Thảo
Formaat: Boek
Taal:Undetermined
Gepubliceerd in: Hà Nội Đại học Sư phạm 2006
Onderwerpen:
Tags: Voeg label toe
Geen labels, Wees de eerste die dit record labelt!
Thư viện lưu trữ: Trung tâm Học liệu Trường Đại học Cần Thơ
LEADER 00922nam a2200217Ia 4500
001 CTU_161038
008 210402s9999 xx 000 0 und d
082 |a 495.922 
082 |b Th108/T.2 
100 |a Đỗ, Xuân Thảo 
245 0 |a Giáo trình Tiếng Việt 2 : 
245 0 |b Dành cho Học viên ngành Giáo dục tiểu học Hệ đào tạo Tại chức và Từ xa 
245 0 |c Đỗ Xuân Thảo, Lê Hữu Tỉnh 
260 |a Hà Nội 
260 |b Đại học Sư phạm 
260 |c 2006 
520 |a Sách trình bày các đơn vị của ngữ âm tiếng Việt như, âm tiết, đơn vị từ vựng, hệ thống từ vựng,... 
650 |a Vietnamese language,Tiếng Việt 
650 |x Study and teaching,Dạy và học 
904 |i Thuỳ, Năm 
980 |a Trung tâm Học liệu Trường Đại học Cần Thơ